Revitalizácia priestorov v okolí budovy občianskej vybavenosti

Salvato in:
Dettagli Bibliografici
Autore principale: Véghová, Viktória (Autore)
Altri autori: Majorošová, Martina (Relatore della tesi)
Natura: Manoscritto Libro
Lingua:slovacco
Pubblicazione: 2024
Soggetti:
Accesso online:http://is.stuba.sk/zp/portal_zp.pl?podrobnosti=167816
https://opac.crzp.sk/?fn=detailBiblioForm&sid=D2270EF957433A5E257786194D15
Tags: Aggiungi Tag
Nessun Tag, puoi essere il primo ad aggiungerne!!

MARC

LEADER 00000ntm a22000003a 4500
001 stuzp98856
003 SK-STU
005 20240930103126.4
007 ta
008 150427s2015----xo-----f-mn---000-0-slo-d
040 |a STU  |b slo 
041 0 |a slo 
100 1 |a Véghová, Viktória  |u 010160  |4 aut  |U SvF Stavebná fakulta  |T SvF Katedra vodného hospodárstva krajiny  |X 115181  |U V160  |Y 16  |7 115181 
242 0 1 |a Revitalization of sites around the civic amenities building  |y eng 
245 1 0 |a Revitalizácia priestorov v okolí budovy občianskej vybavenosti 
260 |c 2024 
650 4 |a revitalizácia  |2 slo 
650 4 |a dom kultúry  |2 slo 
650 4 |a mestská zeleň  |2 slo 
650 4 |a biodiverzita  |2 slo 
650 4 |a modro-zelená infraštruktúra  |2 slo 
650 4 |a revitalization  |2 eng 
650 4 |a house of culture  |2 eng 
650 4 |a urban greenery  |2 eng 
650 4 |a biodiversity  |2 eng 
650 4 |a blue-green infrastructure  |2 eng 
700 1 |a Majorošová, Martina  |u 010160  |k Z1  |4 ths  |U SvF Stavebná fakulta  |T SvF Katedra vodného hospodárstva krajiny  |X 68887  |U V160  |Y 16  |7 A000068887 
856 4 |u http://is.stuba.sk/zp/portal_zp.pl?podrobnosti=167816 
856 4 |u https://opac.crzp.sk/?fn=detailBiblioForm&sid=D2270EF957433A5E257786194D15